Sports Quiz

Random Sports or NFL Quiz

2010 Fantasy Football Surprises Quiz Stats

Quiz not verified by Sporcle

Challenge
Share
Tweet
Embed
Score 0/47 Timer 09:00
0 Plays Today
Preseason Ranking Player/Team Name % Correct
Running Back OverachieversArian Foster
86.3%
Quarterback OverachieversMichael Vick
78%
Wide Receiver OverachieversSteve Johnson
73.2%
Running Back OverachieversPeyton Hillis
63.7%
Wide Receiver OverachieversBrandon Lloyd
60.1%
Running Back UnderachieversDeAngelo Williams
53.6%
Quarterback OverachieversJosh Freeman
53%
Wide Receiver OverachieversMike Williams (TB)
53%
Wide Receiver UnderachieversRandy Moss
53%
Quarterback UnderachieversTony Romo
51.8%
Quarterback UnderachieversBrett Favre
50%
Running Back UnderachieversShonn Greene
49.4%
Wide Receiver UnderachieversSteve Smith (CAR)
47.6%
Wide Receiver UnderachieversSteve Smith (NYG)
47.6%
Running Back OverachieversLaDainian Tomlinson
41.7%
Tight End UnderachieversDallas Clark
41.1%
Wide Receiver OverachieversDwayne Bowe
39.9%
Running Back OverachieversDarren McFadden
39.3%
Running Back UnderachieversRyan Grant
38.7%
Quarterback UnderachieversKevin Kolb
37.5%
Running Back UnderachieversRyan Mathews
37.5%
Running Back OverachieversBenJarvus Green-Ellis
34.5%
Running Back UnderachieversPierre Thomas
33.9%
Tight End OverachieversRob Gronkowski
32.7%
Preseason Ranking Player/Team Name % Correct
Tight End OverachieversMarcedes Lewis
29.8%
Wide Receiver UnderachieversBrandon Marshall
29.2%
Wide Receiver UnderachieversChad Ochocinco
28.6%
Running Back OverachieversLeGarrette Blount
28%
Tight End UnderachieversJermichael Finley
28%
Wide Receiver OverachieversMike Wallace
27.4%
Running Back OverachieversMike Tolbert
26.8%
Tight End UnderachieversBrent Celek
23.8%
Wide Receiver UnderachieversHines Ward
22.6%
Running Back UnderachieversJoseph Addai
22%
Team Defense + Special Teams UnderachieversEagles
22%
Kicker OverachieversSebastian Janikowski
19%
Running Back UnderachieversBeanie Wells
17.9%
Tight End OverachieversJacob Tamme
17.9%
Team Defense + Special Teams OverachieversFalcons
17.9%
Kicker UnderachieversStephen Gostkowski
17.9%
Team Defense + Special Teams UnderachieversVikings
17.3%
Wide Receiver OverachieversMario Manningham
13.1%
Wide Receiver OverachieversKenny Britt
13.1%
Wide Receiver UnderachieversMike Sims-Walker
11.9%
Team Defense + Special Teams OverachieversRaiders
9.5%
Kicker OverachieversNeil Rackers
7.1%
Kicker UnderachieversRyan Longwell
4.8%

You're not logged in!

Compare scores with friends on all Sporcle quizzes.
Join for Free
OR
Log In

You Might Also Like...

Show Comments

Extras

Top Quizzes Today


Score Distribution

Your Account Isn't Verified!

In order to create a playlist on Sporcle, you need to verify the email address you used during registration. Go to your Sporcle Settings to finish the process.

Report this User

Report this user for behavior that violates our Community Guidelines.

Details: